Droit constitutioinnel et institutions politiques: conforme au programme des facultès de droit et école d'enseignement supérieur

Gardado en:
Detalles Bibliográficos
Autor Principal: Burdeau, Georges (Author)
Formato: Libro
Idioma:francés
Publicado: París Librairie Générale de Droit et de Jurisprudence 1966
Edición:2a. ed
Subjects:
Tags: Engadir etiqueta
Sen Etiquetas, Sexa o primeiro en etiquetar este rexistro!

MARC

LEADER 00000nam a2200000 a 4500
001 UCR3892
003 CL-VaPUC
008 980130e19660000FR |||||||||||||||||fre|d
082 0 4 |a 342  |b BUR  |2 21 
100 0 |a Burdeau, Georges  |e author  |9 403323 
245 1 0 |a Droit constitutioinnel et institutions politiques: conforme au programme des facultès de droit et école d'enseignement supérieur 
250 |a 2a. ed 
300 |a 610 p 
942 |c BK 
945 |d 19980130 00:00:00  |a aolguin 
260 |a París  |b Librairie Générale de Droit et de Jurisprudence  |c 1966 
650 0 |a Derecho constitucional   |9 222588 
650 0 |a Estado  |9 255503 
650 0 |a Constituciones  |9 255417 
650 0 |a Gobierno   |9 255508 
650 0 |a Regímenes políticos  |9 255513 
650 0 |a Democracia  |9 255256 
650 0 |a Historia constitucional  |9 256052 
650 0 |a Instituciones políticas  |9 255506 
650 0 |a República  |9 310048 
650 0 |a Parlamento  |9 338611 
651 0 |a Francia  |9 255157 
583 |a last modification  |c 19980130 00:00:00  |k Rodrigo Vera 
999 |c 266911  |d 266909 
952 |0 0  |1 0  |4 0  |6 342_000000000000000_BUR_1966  |7 0  |8 P  |9 298942  |a BIBDER  |b BIBDER  |d 2019-11-20  |i 1953605  |o 342 BUR 1966  |p 1953605  |r 2023-01-25  |w 2019-11-20  |y BK  |k DER